000 00320nam a2200097Ia 4500
082 _a338.92709172|SWIL
245 0 _aJust transitions explorations of sustainability in an unfair world
100 _a SWILLING, Mark Claremont, South Africa, 2012
_958380
942 _cBK
008 210817s9999 xx 000 0 und d
999 _c182851
_d182848